| 000 | 02762nam a2200565 c 4500 | ||
|---|---|---|---|
| 001 | 1947584413 | ||
| 003 | DE-627 | ||
| 005 | 20260108144214.0 | ||
| 007 | cr uuu---uuuuu | ||
| 008 | 251226s2023 gw |||||o 00| ||ger c | ||
| 020 |
_a9783646728392 _cEPUB |
||
| 024 | 7 |
_aurn:nbn:de:gbv:18-epflicht-305095 _2urn |
|
| 035 | _a(DE-627)1947584413 | ||
| 035 | _a(DE-599)KEP122319443 | ||
| 035 | _a(EPFHH-CARLSEN)9783646728392_9783646728392 | ||
| 035 | _a(EPFHH)d0091c46-02b2-4d86-936d-1a490622aa07 | ||
| 035 | _a(DE-627-1)122319443 | ||
| 040 |
_aDE-627 _bger _cDE-627 _erda |
||
| 041 |
_ager _hjpn |
||
| 044 | _cXA-DE-HH | ||
| 072 | 7 |
_a9182 _2wsb |
|
| 082 | 0 | 4 |
_a741.5 _qDE-576 |
| 245 | 0 | 0 |
_aDick Fight Island 1 _bHocherotischer Fantasy-Yaoi-Zweiteiler ab 18! _cReibun Ike, Dorothea Überall |
| 250 | _a1. Auflage | ||
| 264 | 1 |
_aHamburg _bHayabusa _c2023 |
|
| 300 |
_a1 Online-Ressource (210 S.) _bIllustrationen |
||
| 336 |
_aText _btxt _2rdacontent |
||
| 337 |
_aComputermedien _bc _2rdamedia |
||
| 338 |
_aOnline-Ressource _bcr _2rdacarrier |
||
| 490 | 0 |
_aDick Fight Island _v1 |
|
| 520 | _aEin opulentes Fantasy-Setting und eine absurd komische wie kreative Prämisse sind die Alleinstellungsmerkmale dieser außergewöhnlichen zweibändigen Boys-Love-Serie. Alle vier Jahre kämpfen acht Inselstaaten um die Krone und damit um die Herrschaft über das gesamte Inselreich. Dafür entsendet jeder Clan seinen mächtigsten Krieger, um den erbitterten Wettkampf für sich zu entscheiden. Die Regeln des außergewöhnlichen Ausdauerwettkampfes sind denkbar einfach – wer zuerst kommt, hat verloren! Um ein frühes Ausscheiden zu vermeiden, schützen die Krieger ihre "Schwerter" mit mächtigen Rüstungen, die im Laufe der Zeit immer aufwendiger und größer wurden. Doch ein Krieger ist mit einer geheimen und sehr effizienten Technik aus dem Ausland zurückgekehrt… - Spice-Level: 4 von 5 Chilis. Ein pikanter +18-Titel mit vielen heißen Szenen. - Abgeschlossen in 2 Bänden | ||
| 583 | 1 |
_aArchivierung/Langzeitarchivierung gewährleistet _fPEHH _kDE-576 _2pdager _5DE-18 |
|
| 650 | 4 | _ayaoi manga | |
| 650 | 4 | _abl manga | |
| 650 | 4 | _aboys love manga | |
| 650 | 4 | _amanga fantasy | |
| 650 | 4 | _amanga ab 18 | |
| 650 | 4 | _ayaoi manga 18 | |
| 650 | 4 | _amanga für erwachsene | |
| 650 | 4 | _aerotik manga | |
| 650 | 4 | _aactionkomödie | |
| 650 | 4 | _ajapanische leserichtung | |
| 700 | 1 |
_aIke, Reibun _eVerfasserIn _4aut |
|
| 700 | 1 |
_aÜberall, Dorothea _eÜbersetzerIn _4trl |
|
| 776 | 1 | _z9783551623287 | |
| 776 | 0 | 8 |
_iErscheint auch als _nDruck-Ausgabe _z9783551623287 |
| 856 | 4 | 0 |
_uhttps://nbn-resolving.org/urn:nbn:de:gbv:18-epflicht-305095 _mX:EPF _zlizenzpflichtig _71 |
| 942 |
_2ddc _cMGA _n0 |
||
| 951 | _aBO | ||
| 999 |
_c1457 _d1457 |
||